Quizzes
Events
Quiz Creation
Community
Videos
Private Events
Remove Ads
Sign In
Join for FREE
Feedback
Dark Mode
Quiz Categories
Sports
Geography
Music
Movies
Television
Just For Fun
Miscellaneous
History
Literature
Language
Science
Gaming
Entertainment
Religion
Holiday
For Kids
Quiz Lab
Recent
Popular Today
Quiz Kudos Today
Editor Picks
Curator Picks
Quizzes by...
Day
Popularity
Type
Ratings
Length
Year
Community
Subscriptions
Recent Discussions
Orange Saloon
Badges
Playlists
Quests
Create
Leaderboards
Showdown
Live 5
Trivia Bingo
Activity
Puzzle Library
Sporcle Events
Private Events
Virtual Trivia
Globe League
Become a Host
Pub Owners
SporcleCon
Opinionation
Our Games
Videos
Blog
Mobile Apps
Partnerships
Remove Ads and Go Orange
Feedback
Music
Pop Music
The Beatles
Song
Album
Lyrics
Bands
Singers
Artist
Clip
Rock
Rap
Classical
Billboard
Country Music
Kpop
Taylor Swift
Music
Pop Music
The Beatles
Song
Album
Lyrics
Bands
Singers
Artist
Clip
Rock
Rap
Classical
Billboard
Country Music
Kpop
Taylor Swift
Random Quiz
Search Sporcle
×
Quiz Lab
Quiz Lab
Music
Broadway
Type in answers that appear in a list
Type in answers that appear in a list
Classic
Best Score? Go Orange.
Kinky Boots Lyrics: Land of Lola Stats
Can you name the lyrics to 'Land of Lola' from the hit musical Kinky Boots?
10m
270 Questions
395 Plays
395 Plays
395 Plays
Comments
Comments
Give Quiz Kudos
Give Quiz Kudos
-
- Ratings
hide this ad
Replay
Link that replays current quiz
Next Quiz
Link to next quiz in quiz playlist
You Got
0%
They Got
Avg Score
70%
Avg Friend Score
Upgrade to see
Score Distribution
Jump to the score distribution portion of the page
Score
0/270
Timer
10:00
0
Plays Today
% Correct
the
95.7%
a
95.7%
a
95.7%
a
95.7%
the
95.7%
a
95.7%
the
95.7%
the
95.7%
a
95.7%
a
95.7%
a
95.7%
the
95.7%
I
94.4%
I
94.4%
I
94.4%
I
94.4%
I
94.4%
I
94.4%
I
94.4%
I
94.4%
I
94.4%
I
94.4%
you
91.1%
you
91.1%
you
91.1%
you
91.1%
Lola.
91.1%
Lola.
91.1%
Lola!
91.1%
Lola.
90.9%
Lola.
90.9%
Lola.
90.9%
Lola
90.9%
to
90.8%
to
90.8%
to
90.8%
to
90.6%
to
90.6%
to
90.6%
to
90.6%
to
90.6%
to
90.6%
to
90.6%
of
90.3%
of
90.1%
of
90.1%
of
90.1%
of
90.1%
of
90.1%
my
86.7%
my
86.7%
my
86.7%
your
86.3%
my
86.3%
my
86.3%
your
86.3%
my
86.3%
my
86.3%
your
86.3%
your
86.3%
your
86.3%
at
85.8%
at,
85.8%
And
84.8%
And
84.8%
And
84.8%
and
84.8%
and
84.8%
and
84.8%
And
84.7%
And
84.7%
And
84.7%
and
84.7%
and
84.7%
land
82.9%
let
82.8%
let
82.8%
land
82.8%
Let
82.8%
Leave
82.5%
Leave
82.5%
we
82.4%
we
82.4%
we
82.3%
door.
82%
boot
82%
am,
81.6%
am
81.6%
am
81.6%
am
81.3%
% Correct
am,
81.3%
am
81.3%
am
81.3%
am
81.3%
Just
80.5%
just
80.5%
expectations
79.5%
from
79.5%
be
79%
me -
78.6%
eyes
78.5%
explore
78.5%
me
78.5%
me -
78.5%
explore
78.5%
I'm
78.2%
I'm
78.2%
I'm
78.2%
I'm
78.2%
as
77.2%
as
77.2%
that
74.9%
like
74.7%
like
74.7%
with
74.7%
with
74.7%
with
74.7%
like
74.4%
like
74.4%
like
74.4%
like
74.4%
No
73.9%
Welcome
73.5%
Welcome
73.5%
welcome
73.5%
Welcome
73.2%
welcome
73.2%
arms
70.4%
steel.
70.4%
cinematic
69.9%
je
69.1%
got
68.9%
je
68.9%
Got
68.9%
mind.
68.6%
flair,
67.3%
these
67.3%
is
67.1%
is
67.1%
is
67.1%
but
66.8%
are
66.6%
Here
66.1%
yes
66.1%
hard
65.8%
behind.
65.8%
Here
65.8%
yes
65.8%
look.
65.8%
you're
65.6%
Mary,
65.3%
So
65.1%
So
64.8%
take
64.5%
take
64.3%
blow
64.1%
Step
64%
mine.
63.8%
Step
63.8%
Step
63.8%
come
63.8%
I've
63.5%
come
63.5%
that's
63.5%
dream,
63.5%
dream,
63.5%
hand,
63.5%
that's
63.3%
dream,
63.3%
hand,
63.3%
Jesus,
63.3%
legs
63.3%
that's
63.3%
black
62.8%
black
62.8%
hairy!
62.8%
freedom,
62%
Once
62%
feel,
61.8%
ebony.
61.7%
% Correct
ebony.
61.5%
this
61.5%
contradiction.
61%
looked
61%
into
61%
into
61%
into
60.8%
inside
60%
Mary's
60%
fantasy;
59.9%
fantasy;
59.9%
derrière.
59.7%
walk
59.7%
fantasy;
59.7%
shazam!
59.7%
shazam!
59.5%
bam!
59.4%
bam!
59.2%
good
59.2%
good
59.2%
good
59%
Now
58.7%
being
58.7%
ma'am.
58.7%
give
58.7%
give
58.7%
doors,
58.5%
ma'am.
58.5%
give
58.5%
us
58.5%
need
57.7%
bitch,
57.7%
know
57.5%
make
57.5%
extreme.
57.4%
extreme.
57.4%
extreme.
57.2%
Oh
57.1%
humdrum
57%
Oh
57%
not
56.2%
where
56.1%
where
56.1%
where
55.9%
happy!
55.7%
suis!
55.6%
suis!
55.4%
way
55.2%
both
55.2%
lacy,
54.9%
butter
54.7%
epiphany.
53.6%
epiphany.
53.6%
silken
53.4%
epiphany.
53.4%
glamour
52.6%
glamour
52.6%
glamour
52.4%
cocoa
52.2%
moves
50.4%
glum
50.1%
constriction;
48.6%
Fred
48.6%
embarrassed!
48.4%
undetected!
48.1%
tonight.
46.6%
prize
46.3%
Ginger
45.8%
place
45.3%
unexpected
45.1%
highest
44.8%
Let's
44.3%
right!
43.8%
gonna
43.5%
treat
43.5%
cookie-cutter
43.3%
Astaire.
43%
fancy
40.8%
Rogers'
40%
provide
39.7%
potpourri
39.2%
I'll
37%
oui,
34.4%
oui,
34.4%
kitsch.
34.4%
lift
34.2%
flight
31.9%
highs.
30.1%
faire,
28.1%
savoir
26.3%
Quiz Playlist
Details
Report
Send in Message
Add To Playlist
Classic:
Type in answers that appear in a list
Last Updated: Feb 16, 2017
Quiz Scoreboard
CHALLENGE
Sign Up to Join the Scoreboard
Show All
Scores
Hide
Comments
May contain spoilers
Recently Published
9x9 Crossword: Cartoon Network
by jackfrog10
Miscellaneous
3m
College Basketball Coaching Resumes
by pancakes188
Sports
9m
Billboard Blitz: Fleetwood Mac
by CooCooCachoo
Music
15s
More to Explore
Quiz From the Vault
Featured Blog Post
Where Did the Easter Bunny Come From?
hide this ad
You Might Also Like...
Tags
Broadway Quiz
Lyrics Quiz
Broadway Actors
Broadway Lyrics
Broadway Musicals
Broadway Shows
Cyndi Lauper
On Broadway
Original Broadway
Tony Awards
Today's Top Quizzes in Music
Browse Music
hide this ad
Today's Top Quizzes in Broadway
Browse Broadway
Top Contributed Quizzes in Music
1
Taylor Swift All Songs (2024)
2
Guess the Artist- 70s Songs
3
7-to-1: Billboard Hot 100 #1 Hits of 2010s
4
Sorting Albums and Songs
5
Taylor Swift Logic Puzzle
6
KPOP LOGIC QUIZ
7
Guess the Taylor Swift song (Mystery Song)
8
Guess The Taylor Swift Lyrics Song #1
9
Billboard Blitz: ABBA
10
One Thing in Common: Music
Explore More
Trending Topics
Anime
NBA
Marvel
Disney
Crossword
Kpop
Harry Potter
NFL
Soccer
WWE
The Office
Country
Song
Puzzle
Pokémon
hide this ad
Score Distribution
Popular Quizzes Today
1
Find the US States - No Outlines Minefield
2
Find the Countries of Europe - No Outlines Minefield
3
The Countries of the World
4
Find the US States
5
Risky Map Clicking: Biggest States A-Z
6
US States
7
Popular People in 1961
8
Movies - When Are They Set?
More Music Quizzes
SUPER Concentration: Music
Quiz Lab
Trending Quizzes
Risky Map Clicking: Least Populous States A-Z
1-10 Letter G Words
1-10 Letter F Words
Risky Map Clicking: Next State Alphabetically
Adjectives in 80s TV Shows
Recently Updated
Leaping Animals
pecheneg
Reality TV Shows (A-Z)
bhenderson79
Rickey Henderson's Hall of Fame Teammates
pecheneg
Champions League XIs: Arsenal
pecheneg
Quick Pick: Celebrities in WWE's Hall of Fame
aduchscher
A-Z Keypad Blitz II
pecheneg
Multiple Oscar Actors
pecheneg
Mystery Phrase Blitz: Oscar 'Best Actors'
pecheneg
F. Scott Fitzgerald Novels
LTH
Pick 3 Villains
ddd62291
Trending Topics
Anime
NBA
Crossword
Marvel
Kpop
Disney
Harry Potter
NFL
Song
Puzzle
The Office
Country
Pokémon
Soccer
WWE
Your Account Isn't Verified!
In order to create a playlist on Sporcle, you need to verify the email address you used during registration. Go to your
Sporcle Settings
to finish the process.
Report this User
Report this user for behavior that violates our
Community Guidelines
.
Details:
Send Report
Go to the Sporcle.com Mobile Site →
Comments